Spider-Man Characters - Statistics

General Stats
  • This quiz has been taken 76 times
  • The average score is 25 of 41
Answer Stats
Hint Answer % Correct
Peter (Pete) Benjamin Parker Spider-Man
100%
Miles Morales Ultimate Spider-Man
100%
CEO Norman Osborn Green Goblin
84%
May Parker May Parker
79%
Benjamin (Ben) Parker Ben Parker
77%
Gwen Stacy Spider-Gwen
76%
Eugene (Flash) Thompson Agent Venom
73%
Edward (Eddie) Brock Venom
73%
Otto Octavius Doctor Octopus
71%
Anthony (Tony) Edward Stark Iron Man
71%
Doctor Stephen Vincent Strange Doctor Strange
69%
Lawyer Matthew (Matt) Murdock Daredevil
68%
Quentin Beck Mysterio
68%
Wade W. Wilson Deadpool
66%
Wilson Fisk Kingpin
65%
Doctor Curtis (Curt) Connors Lizard
65%
Michael Morbius Morbius
63%
Flint Marko Sandman
63%
Maxamillian (Max) Dillan Electro
61%
Harrison (Harry) Osborn Harry Osborn
61%
Joseph (J.) Jonah Jameson J. Jonah Jameson
61%
Mary (Michelle) Jane (MJ) (Jones) Watson Parker Mary Jane Watson
61%
Harold (Happy) Hogan Happy Hogan
60%
Lucas (Luke) Cage Powerman
60%
Peter Porker Spider-Ham
60%
Claetus Cassidy Carnage
58%
Director Nicholas (Nick) Joseph Fury Jr. Nick Fury
58%
Adrian Toomes Vulture
58%
Felisha Hardy Black Cat
55%
Sergei Kravinoff Kraven The Hunter
53%
Edward (Ned) Leeds Hobgoblin
52%
Elizabeth (Betty) Brant Betty Brant
48%
Kamala Khan Ms. Marvel
48%
Aaron Davis Prowler
48%
Daniel (Danny) Rand Iron Fist
45%
Mac Gargan Scorpion
45%
Officer Jeffrey (Jeff) Davis Jeff Davis
35%
Ava Ayala White Tiger
32%
Richard (Sam) Ryder Nova
31%
Lester Bullseye
18%
Doreen Green Squirrel Girl
13%
No matching quizzes found
Score Distribution
Percent of People with Each Score
Percentile by Number Answered
Your Score History
You have not taken this quiz